[Event "PMPJ 2022 - C17"]
[Site "Jastrzebia Gora"]
[Date "2022.11.08"]
[Round "4.13"]
[White "Melerowicz, Dominik"]
[Black "Bem, Tymoteusz"]
[Result "1-0"]
[BlackElo "1652"]
[WhiteElo "1850"]
[LiveChessVersion "1.4.8"]

1. e4 {[%clk 1:30:58]} c5 {[%clk 1:30:41]} 2. Nf3 {[%clk 1:31:20]} Nc6
{[%clk 1:31:06]} 3. d4 {[%clk 1:31:44]} cxd4 {[%clk 1:31:30]} 4. Nxd4
{[%clk 1:32:08]} e5 {[%clk 1:31:49]} 5. Nb5 {[%clk 1:32:22]} d6 {[%clk 1:32:17]}
6. N1c3 {[%clk 1:32:38]} a6 {[%clk 1:32:23]} 7. Na3 {[%clk 1:32:59]} b5
{[%clk 1:32:42]} 8. Nd5 {[%clk 1:33:11]} Nf6 {[%clk 1:30:22]} 9. Bg5
{[%clk 1:33:14]} Be7 {[%clk 1:30:45]} 10. Bxf6 {[%clk 1:33:16]} Bxf6
{[%clk 1:31:11]} 11. c3 {[%clk 1:33:36]} O-O {[%clk 1:31:20]} 12. Nc2
{[%clk 1:33:47]} Rb8 {[%clk 1:31:44]} 13. Nce3 {[%clk 1:32:41]} Bg5
{[%clk 1:30:26]} 14. h4 {[%clk 1:29:07]} Bxe3 {[%clk 1:26:24]} 15. Nxe3
{[%clk 1:29:24]} Ne7 {[%clk 1:25:38]} 16. Be2 {[%clk 1:23:15]} Kh8
{[%clk 1:19:25]} 17. Qd3 {[%clk 1:18:15]} Be6 {[%clk 1:00:09]} 18. Bf3
{[%clk 1:15:41]} a5 {[%clk 0:57:42]} 19. h5 {[%clk 1:12:56]} b4 {[%clk 0:57:24]}
20. O-O {[%clk 1:11:22]} bxc3 {[%clk 0:51:38]} 21. bxc3 {[%clk 1:09:50]} Qc7
{[%clk 0:49:41]} 22. Bg4 {[%clk 1:03:24]} Bxg4 {[%clk 0:41:53]} 23. Nxg4
{[%clk 1:03:52]} Qd7 {[%clk 0:39:53]} 24. Nxe5 {[%clk 1:01:27]} Qe6
{[%clk 0:40:18]} 25. Nf3 {[%clk 0:57:49]} f5 {[%clk 0:38:48]} 26. exf5
{[%clk 0:56:16]} Nxf5 {[%clk 0:38:52]} 27. Nd4 {[%clk 0:50:23]} Nxd4
{[%clk 0:35:29]} 28. Qxd4 {[%clk 0:49:14]} Rb2 {[%clk 0:35:07]} 29. a4
{[%clk 0:47:48]} Qh6 {[%clk 0:30:58]} 30. Rad1 {[%clk 0:38:24]} Qxh5
{[%clk 0:27:49]} 31. Qxd6 {[%clk 0:38:45]} Qf5 {[%clk 0:25:12]} 32. Rd5
{[%clk 0:36:44]} Qf7 {[%clk 0:25:26]} 33. Rxa5 {[%clk 0:30:17]} h6
{[%clk 0:23:46]} 34. Qd4 {[%clk 0:29:52]} Qg6 {[%clk 0:23:07]} 35. Rd5
{[%clk 0:29:34]} Kh7 {[%clk 0:22:44]} 36. a5 {[%clk 0:27:45]} Ra2
{[%clk 0:21:25]} 37. Qe5 {[%clk 0:24:57]} Qc2 {[%clk 0:18:43]} 38. Rd7
{[%clk 0:24:27]} Qg6 {[%clk 0:18:41]} 39. Qd5 {[%clk 0:20:47]} Ra4
{[%clk 0:15:40]} 40. Rd6 {[%clk 0:19:36]} Rxa5 {[%clk 0:14:50]} 41. Qxa5
{[%clk 0:19:34]} Qxd6 {[%clk 0:15:19]} 42. Qb4 {[%clk 0:18:39]} Qf6
{[%clk 0:15:13]} 43. c4 {[%clk 0:18:26]} h5 {[%clk 0:14:51]} 44. Qc5
{[%clk 0:17:04]} g6 {[%clk 0:15:03]} 45. Rb1 {[%clk 0:13:33]} Rf7 46. Qe3 Re7
{[%clk 0:15:02]} 47. Qd3 {[%clk 0:12:46]} Rf7 {[%clk 0:14:50]} 48. Rf1
{[%clk 0:12:12]} Qe5 49. Qe3 Qxe3 {[%clk 0:12:23]} 50. fxe3 {[%clk 0:12:40]} Rc7
{[%clk 0:12:53]} 51. Rc1 {[%clk 0:12:58]} Kg7 {[%clk 0:13:21]} 52. Kf2
{[%clk 0:12:07]} Kf6 {[%clk 0:13:50]} 53. Ke2 {[%clk 0:11:42]} Ke5
{[%clk 0:13:55]} 54. Kd3 {[%clk 0:12:08]} Rd7+ {[%clk 0:12:34]} 55. Kc3
{[%clk 0:12:28]} Ke4 {[%clk 0:11:10]} 56. c5 {[%clk 0:11:36]} Kxe3
{[%clk 0:07:56]} 57. Kc4 {[%clk 0:11:57]} Kf2 {[%clk 0:06:32]} 58. Rc2+
{[%clk 0:12:21]} Kg3 {[%clk 0:07:01]} 59. c6 {[%clk 0:11:31]} Rc7
{[%clk 0:05:58]} 60. Kd5 {[%clk 0:11:53]} g5 {[%clk 0:06:08]} 61. Ke5
{[%clk 0:10:50]} g4 {[%clk 0:04:20]} 62. Kf5 {[%clk 0:10:44]} Kh4
{[%clk 0:02:08]} 63. Rc3 {[%clk 0:10:20]} Rc8 {[%clk 0:01:40]} 64. c7
{[%clk 0:10:34]} Rf8+ {[%clk 0:01:39]} 65. Ke6 {[%clk 0:10:09]} Rh8
{[%clk 0:00:48]} 66. Rd3 {[%clk 0:09:29]} Rh6+ {[%clk 0:00:45]} 67. Kd7
{[%clk 0:09:45]} Rh7+ {[%clk 0:01:09]} 68. Kc6 {[%clk 0:10:10]} Rh6+
{[%clk 0:00:42]} 69. Kb7 {[%clk 0:10:23]} Rh7 {[%clk 0:00:38]} 70. Kb8
{[%clk 0:10:49]} Rxc7 {[%clk 0:00:58]} 71. Kxc7 {[%clk 0:11:12]} g3
{[%clk 0:01:06]} 72. Rd1 {[%clk 0:11:26]} Kg4 {[%clk 0:01:22]} 73. Rh1
{[%clk 0:11:52]} Kf4 {[%clk 0:01:37]} 74. Rxh5 {[%clk 0:12:12]} Ke3
{[%clk 0:02:06]} 75. Rf5 {[%clk 0:12:35]} 1-0

[Event "PMPJ 2022 - C17"]
[Site "Jastrzebia Gora"]
[Date "2022.11.08"]
[Round "4.14"]
[White "Kietrys, Maciej"]
[Black "Jedrzejczak, Michal"]
[Result "1-0"]
[BlackElo "1503"]
[WhiteElo "1847"]
[LiveChessVersion "1.4.8"]

1. e4 {[%clk 1:30:58]} e5 {[%clk 1:30:56]} 2. Nf3 {[%clk 1:30:53]} Nc6
{[%clk 1:31:17]} 3. Bc4 {[%clk 1:31:04]} Bc5 {[%clk 1:31:28]} 4. d3
{[%clk 1:30:47]} d6 5. h3 {[%clk 1:30:42]} Nf6 {[%clk 1:27:47]} 6. c3
{[%clk 1:28:57]} a6 {[%clk 1:24:19]} 7. Bb3 {[%clk 1:28:42]} Ba7 {[%clk 1:23:41]}
8. O-O {[%clk 1:28:02]} O-O {[%clk 1:24:06]} 9. Re1 {[%clk 1:27:06]} h6
{[%clk 1:20:24]} 10. Nbd2 {[%clk 1:26:37]} Re8 {[%clk 1:19:22]} 11. Nc4
{[%clk 1:25:04]} b5 {[%clk 1:14:22]} 12. Ne3 {[%clk 1:25:20]} Na5
{[%clk 1:14:20]} 13. Bc2 {[%clk 1:23:07]} Rb8 {[%clk 1:13:52]} 14. b4
{[%clk 1:21:57]} Nc6 {[%clk 1:13:53]} 15. Bb3 {[%clk 1:20:35]} Bd7
{[%clk 1:09:30]} 16. a4 {[%clk 1:17:45]} Ra8 {[%clk 1:07:25]} 17. Nd5
{[%clk 1:15:05]} Be6 {[%clk 1:04:32]} 18. Be3 {[%clk 1:07:55]} Bxe3
{[%clk 1:02:41]} 19. Nxe3 {[%clk 1:07:13]} Qd7 {[%clk 1:01:47]} 20. Nh4
{[%clk 0:59:30]} d5 {[%clk 0:58:45]} 21. exd5 {[%clk 0:59:06]} Nxd5
{[%clk 0:58:59]} 22. Bxd5 {[%clk 0:58:15]} Bxd5 {[%clk 0:59:20]} 23. Nhf5
{[%clk 0:58:18]} g6 {[%clk 0:41:37]} 24. axb5 {[%clk 0:20:47]} axb5
{[%clk 0:41:05]} 25. Rxa8 {[%clk 0:21:11]} Rxa8 {[%clk 0:41:33]} 26. Ng4
{[%clk 0:18:35]} Kf8 {[%clk 0:20:13]} 27. Ng3 {[%clk 0:15:02]} h5
{[%clk 0:15:04]} 28. Nf6 {[%clk 0:12:14]} Qe6 {[%clk 0:15:00]} 29. Nxd5
{[%clk 0:12:10]} Qxd5 {[%clk 0:15:28]} 30. Qd2 {[%clk 0:12:37]} Kg7
{[%clk 0:13:06]} 31. Qg5 {[%clk 0:12:58]} Qxd3 {[%clk 0:05:33]} 32. Nxh5+
{[%clk 0:13:02]} Kf8 {[%clk 0:06:00]} 33. Qh6+ {[%clk 0:11:28]} Ke7
{[%clk 0:06:26]} 34. Nf4 {[%clk 0:11:24]} Qd6 {[%clk 0:05:02]} 35. Qh4+
{[%clk 0:09:14]} Kd7 {[%clk 0:05:12]} 36. Qg4+ {[%clk 0:08:10]} f5
{[%clk 0:02:54]} 37. Qxg6 {[%clk 0:08:10]} exf4 {[%clk 0:01:29]} 38. Qxf5+
{[%clk 0:08:33]} Kd8 {[%clk 0:01:54]} 39. Re6 {[%clk 0:06:14]} Qd1+
{[%clk 0:01:06]} 40. Kh2 {[%clk 0:06:41]} Ne7 {[%clk 0:00:46]} 41. Qf8+
{[%clk 0:06:50]} Kd7 {[%clk 0:01:04]} 42. Rxe7+ {[%clk 0:06:16]} Kd6
{[%clk 0:01:31]} 43. Qf6+ {[%clk 0:06:40]} Kd5 {[%clk 0:01:57]} 44. Rd7+
{[%clk 0:07:06]} 1-0

[Event "PMPJ 2022 - C17"]
[Site "Jastrzebia Gora"]
[Date "2022.11.08"]
[Round "4.15"]
[White "Kaczmarek, Jan"]
[Black "Mocko, Maciej"]
[Result "1-0"]
[BlackElo "1572"]
[WhiteElo "1786"]
[LiveChessVersion "1.4.8"]

1. e4 {[%clk 1:30:57]} c5 {[%clk 1:30:57]} 2. Nf3 {[%clk 1:31:21]} d6
{[%clk 1:31:23]} 3. Bb5+ {[%clk 1:31:33]} Nd7 {[%clk 1:31:49]} 4. O-O
{[%clk 1:31:27]} a6 {[%clk 1:31:56]} 5. Be2 {[%clk 1:31:41]} Ngf6
{[%clk 1:31:21]} 6. d3 {[%clk 1:29:54]} g6 {[%clk 1:29:55]} 7. a4
{[%clk 1:28:29]} Bg7 {[%clk 1:30:16]} 8. c3 {[%clk 1:26:57]} O-O {[%clk 1:30:11]}
9. Re1 {[%clk 1:25:21]} d5 {[%clk 1:28:49]} 10. e5 {[%clk 1:23:42]} Ne8
{[%clk 1:27:22]} 11. d4 {[%clk 1:17:32]} Nc7 {[%clk 1:27:10]} 12. Bd3
{[%clk 1:12:43]} c4 {[%clk 1:22:31]} 13. Bc2 {[%clk 1:12:26]} Nb8
{[%clk 1:22:10]} 14. Ng5 {[%clk 1:09:36]} Ne6 {[%clk 1:20:12]} 15. Nf3
{[%clk 0:59:19]} Nc6 {[%clk 1:20:21]} 16. h4 {[%clk 0:59:00]} Nc7
{[%clk 1:13:58]} 17. Nh2 {[%clk 0:49:20]} b5 {[%clk 0:56:09]} 18. axb5
{[%clk 0:47:58]} axb5 {[%clk 0:56:26]} 19. Rxa8 {[%clk 0:48:22]} Nxa8
{[%clk 0:56:55]} 20. Ng4 {[%clk 0:46:38]} h5 {[%clk 0:53:29]} 21. Nh6+
{[%clk 0:44:04]} Bxh6 {[%clk 0:49:52]} 22. Bxh6 Re8 23. e6 {[%clk 0:42:32]} Qd6
{[%clk 0:43:17]} 24. exf7+ {[%clk 0:35:25]} Kxf7 {[%clk 0:43:45]} 25. Qf3+
{[%clk 0:35:43]} Kg8 {[%clk 0:43:52]} 26. Bf4 {[%clk 0:35:19]} e5
{[%clk 0:37:10]} 27. dxe5 {[%clk 0:33:20]} Nxe5 {[%clk 0:35:52]} 28. Bxe5
{[%clk 0:29:07]} Rxe5 {[%clk 0:36:21]} 29. Rxe5 {[%clk 0:29:27]} Qxe5
{[%clk 0:36:49]} 30. Bxg6 {[%clk 0:29:29]} Be6 {[%clk 0:35:34]} 31. Na3
{[%clk 0:24:45]} b4 {[%clk 0:29:30]} 32. Nxc4 {[%clk 0:22:54]} dxc4
{[%clk 0:28:12]} 33. Qxa8+ {[%clk 0:23:17]} Kg7 {[%clk 0:28:41]} 34. Qe4
{[%clk 0:22:52]} Qxe4 {[%clk 0:24:25]} 35. Bxe4 {[%clk 0:23:16]} bxc3
{[%clk 0:24:55]} 36. bxc3 {[%clk 0:23:39]} Kf6 {[%clk 0:25:24]} 37. f3
{[%clk 0:23:13]} Ke5 {[%clk 0:25:35]} 38. g3 {[%clk 0:22:57]} Bf7
{[%clk 0:25:42]} 39. Kf2 {[%clk 0:23:19]} Be8 {[%clk 0:25:51]} 40. Ke3
{[%clk 0:23:35]} Bf7 {[%clk 0:26:16]} 41. f4+ {[%clk 0:23:37]} Kf6
{[%clk 0:26:20]} 42. Kd4 {[%clk 0:23:52]} Be6 {[%clk 0:26:35]} 43. Bd5
{[%clk 0:23:33]} Bc8 {[%clk 0:27:00]} 44. Bxc4 {[%clk 0:23:42]} Kf5
{[%clk 0:27:27]} 45. Be2 {[%clk 0:23:58]} Bb7 {[%clk 0:27:44]} 46. Bxh5 Kxf4 47.
gxf4 1-0

[Event "PMPJ 2022 - C17"]
[Site "Jastrzebia Gora"]
[Date "2022.11.08"]
[Round "4.16"]
[White "Bednarczyk, Mateusz"]
[Black "Czarniecki, Pawel"]
[Result "0-1"]
[BlackElo "1524"]
[WhiteElo "1756"]
[LiveChessVersion "1.4.8"]

1. e4 {[%clk 1:30:58]} c6 {[%clk 1:30:56]} 2. c4 {[%clk 1:28:51]} d5
{[%clk 1:29:03]} 3. cxd5 {[%clk 1:28:47]} cxd5 {[%clk 1:29:22]} 4. exd5
{[%clk 1:29:13]} Qxd5 {[%clk 1:26:51]} 5. Nc3 {[%clk 1:29:24]} Qd8
{[%clk 1:26:31]} 6. Bc4 {[%clk 1:29:03]} Nf6 {[%clk 1:23:25]} 7. Nf3
{[%clk 1:28:01]} e6 {[%clk 1:22:28]} 8. O-O {[%clk 1:28:11]} Be7 {[%clk 1:21:52]}
9. d4 {[%clk 1:28:31]} O-O {[%clk 1:21:51]} 10. h3 {[%clk 1:28:30]} Nbd7
{[%clk 1:20:11]} 11. Re1 {[%clk 1:26:01]} Nb6 {[%clk 1:18:56]} 12. Bb3
{[%clk 1:26:11]} Nbd5 {[%clk 1:17:38]} 13. Bg5 {[%clk 1:25:08]} h6
{[%clk 1:15:10]} 14. Nxd5 {[%clk 1:25:15]} exd5 {[%clk 1:15:32]} 15. Bh4
{[%clk 1:20:12]} Be6 {[%clk 1:11:48]} 16. Bc2 {[%clk 1:17:40]} Rc8
{[%clk 1:06:34]} 17. Qd3 {[%clk 1:17:04]} Ne4 {[%clk 1:05:39]} 18. Bxe7
{[%clk 1:14:12]} Qxe7 {[%clk 1:05:45]} 19. Qe2 {[%clk 1:08:22]} Nf6
{[%clk 1:01:43]} 20. Bb3 {[%clk 1:01:43]} Rc7 {[%clk 0:58:59]} 21. Ne5
{[%clk 1:00:57]} Rfc8 {[%clk 0:55:50]} 22. Qf3 {[%clk 0:59:56]} Qb4
{[%clk 0:51:15]} 23. Rad1 {[%clk 0:56:50]} Ne4 {[%clk 0:49:36]} 24. Qe3
{[%clk 0:55:54]} a5 {[%clk 0:48:10]} 25. f3 {[%clk 0:47:12]} Nf6 {[%clk 0:38:48]}
26. Nd3 {[%clk 0:47:20]} Qb5 {[%clk 0:39:09]} 27. Nc5 {[%clk 0:44:37]} Bf5
{[%clk 0:33:40]} 28. Qe5 {[%clk 0:42:02]} Bg6 {[%clk 0:33:59]} 29. Rd2
{[%clk 0:27:22]} b6 {[%clk 0:27:27]} 30. Na4 {[%clk 0:25:22]} Qb4
{[%clk 0:17:33]} 31. Rde2 {[%clk 0:19:31]} Bd3 {[%clk 0:16:36]} 32. Re3
{[%clk 0:18:48]} Bc4 {[%clk 0:16:36]} 33. Bc2 {[%clk 0:13:49]} Bb5
{[%clk 0:12:22]} 34. a3 {[%clk 0:13:49]} Qf8 {[%clk 0:12:22]} 35. Nc3
{[%clk 0:13:53]} Bc4 {[%clk 0:11:12]} 36. Bf5 {[%clk 0:13:13]} Nd7
{[%clk 0:10:59]} 37. Qg3 {[%clk 0:11:03]} Rb7 {[%clk 0:09:49]} 38. Re7
{[%clk 0:11:01]} Rd8 {[%clk 0:08:30]} 39. Qh4 {[%clk 0:03:29]} b5
{[%clk 0:04:51]} 40. R1e3 {[%clk 0:02:38]} g6 {[%clk 0:03:32]} 41. Bb1
{[%clk 0:01:09]} Rbb8 {[%clk 0:02:27]} 42. Qe1 {[%clk 0:00:37]} Nf6
{[%clk 0:01:53]} 43. Nd1 {[%clk 0:00:32]} Re8 {[%clk 0:01:32]} 44. Rxe8
{[%clk 0:00:36]} Rxe8 {[%clk 0:01:59]} 45. Bc2 {[%clk 0:00:32]} a4
{[%clk 0:02:21]} 46. Nc3 {[%clk 0:00:38]} Rxe3 {[%clk 0:02:21]} 47. Qxe3
{[%clk 0:01:01]} Kg7 {[%clk 0:02:38]} 48. Bd3 {[%clk 0:01:05]} Qc8
{[%clk 0:02:37]} 49. Kf2 {[%clk 0:00:45]} Qc6 {[%clk 0:03:01]} 50. Bxc4
{[%clk 0:00:38]} Qxc4 {[%clk 0:03:18]} 51. Qe5 {[%clk 0:00:45]} Qb3
{[%clk 0:03:07]} 52. Qe2 {[%clk 0:00:44]} b4 {[%clk 0:03:30]} 53. axb4
{[%clk 0:00:40]} Qxb4 {[%clk 0:03:55]} 54. Qd2 {[%clk 0:01:03]} Nd7
{[%clk 0:03:57]} 55. Ke1 {[%clk 0:00:38]} Nb6 {[%clk 0:04:13]} 56. Ne2
{[%clk 0:00:33]} Qd6 {[%clk 0:03:58]} 57. Qa5 {[%clk 0:00:32]} Nc4
{[%clk 0:03:24]} 58. Qxa4 {[%clk 0:00:36]} Nxb2 {[%clk 0:03:49]} 59. Qb5
{[%clk 0:00:41]} Nc4 {[%clk 0:03:02]} 60. Qe8 {[%clk 0:00:37]} Qb4+
{[%clk 0:02:54]} 61. Kf2 {[%clk 0:00:45]} Qd2 {[%clk 0:02:58]} 62. Qe7
{[%clk 0:00:46]} h5 {[%clk 0:03:01]} 63. h4 {[%clk 0:01:01]} Nb2 {[%clk 0:02:31]}
64. Kg3 {[%clk 0:00:34]} Nd3 {[%clk 0:02:28]} 65. Kh2 {[%clk 0:00:31]} Qe1
{[%clk 0:01:39]} 66. Kh3 {[%clk 0:00:31]} Nf4+ {[%clk 0:01:57]} 67. Kh2
{[%clk 0:00:43]} Qxe2 {[%clk 0:02:15]} 0-1

[Event "PMPJ 2022 - C17"]
[Site "Jastrzebia Gora"]
[Date "2022.11.08"]
[Round "4.17"]
[White "Skrzypczynski, Kacper"]
[Black "Haluja, Wiktor"]
[Result "1/2-1/2"]
[BlackElo "1435"]
[WhiteElo "1894"]
[LiveChessVersion "1.4.8"]

1. d4 {[%clk 1:30:58]} Nf6 {[%clk 1:30:55]} 2. Bg5 {[%clk 1:31:24]} e6
{[%clk 1:30:27]} 3. e3 {[%clk 1:31:46]} d5 {[%clk 1:30:25]} 4. Nf3
{[%clk 1:31:10]} c5 {[%clk 1:30:06]} 5. c4 {[%clk 1:31:22]} Be7 {[%clk 1:28:28]}
6. Nc3 {[%clk 1:31:19]} O-O {[%clk 1:27:51]} 7. cxd5 {[%clk 1:30:29]} Nxd5
{[%clk 1:26:12]} 8. Bxe7 {[%clk 1:30:43]} Qxe7 {[%clk 1:25:21]} 9. Nxd5
{[%clk 1:28:50]} exd5 {[%clk 1:25:39]} 10. Be2 {[%clk 1:29:07]} Nc6
{[%clk 1:23:53]} 11. O-O {[%clk 1:29:27]} c4 {[%clk 1:21:50]} 12. b3
{[%clk 1:29:23]} b5 {[%clk 1:20:58]} 13. a4 {[%clk 1:29:36]} Na5 {[%clk 1:12:28]}
14. bxc4 {[%clk 1:27:47]} bxc4 {[%clk 1:11:20]} 15. Nd2 {[%clk 1:27:46]} Ba6
{[%clk 1:05:34]} 16. Qc2 {[%clk 1:27:43]} Nb3 {[%clk 0:58:32]} 17. Rae1
{[%clk 1:23:38]} Qb4 {[%clk 0:50:26]} 18. Nb1 {[%clk 1:23:37]} Qxa4
{[%clk 0:47:26]} 19. Nc3 {[%clk 1:23:59]} Qd7 {[%clk 0:42:38]} 20. Rd1
{[%clk 1:24:02]} Rfe8 {[%clk 0:39:35]} 21. Bf3 {[%clk 1:16:30]} Bb7
{[%clk 0:38:55]} 22. Qa2 {[%clk 1:16:53]} a5 {[%clk 0:37:21]} 23. Na4
{[%clk 1:17:10]} Qd6 {[%clk 0:35:36]} 24. Rb1 {[%clk 1:17:01]} Bc6
{[%clk 0:34:06]} 25. Rb2 {[%clk 1:16:22]} Reb8 {[%clk 0:30:44]} 26. Nc3
{[%clk 1:13:28]} a4 {[%clk 0:29:51]} 27. Rd1 {[%clk 1:13:16]} a3 {[%clk 0:29:03]}
28. Rc2 {[%clk 1:13:29]} Ra6 {[%clk 0:26:06]} 29. h3 {[%clk 1:13:13]} Rab6
{[%clk 0:24:29]} 30. Rb1 {[%clk 1:13:26]} Rb4 {[%clk 0:23:35]} 31. Qxa3
{[%clk 1:08:18]} Nxd4 {[%clk 0:22:43]} 32. Rxb4 {[%clk 1:08:34]} Nxf3+
{[%clk 0:23:01]} 33. gxf3 {[%clk 1:09:01]} Qxb4 {[%clk 0:22:42]} 34. Qxb4
{[%clk 1:07:33]} Rxb4 {[%clk 0:23:04]} 35. Ne2 {[%clk 1:04:20]} Bd7
{[%clk 0:20:03]} 36. Rd2 {[%clk 1:03:42]} Be6 {[%clk 0:19:59]} 37. e4
{[%clk 1:04:06]} Bxh3 {[%clk 0:16:59]} 38. Rxd5 {[%clk 1:04:12]} g6
{[%clk 0:16:17]} 39. Rc5 {[%clk 1:03:44]} Rb1+ {[%clk 0:14:51]} 40. Kh2
{[%clk 1:03:50]} Bf1 {[%clk 0:14:54]} 41. Nf4 {[%clk 1:02:58]} Rc1
{[%clk 0:13:25]} 42. Nd5 {[%clk 1:03:05]} Be2 {[%clk 0:13:15]} 43. Kg3
{[%clk 1:03:06]} Kg7 {[%clk 0:12:49]} 44. Rc7 {[%clk 1:03:02]} h5
{[%clk 0:12:42]} 45. f4 {[%clk 1:00:42]} Bd3 {[%clk 0:12:10]} 46. f3
{[%clk 1:00:41]} Rg1+ {[%clk 0:10:54]} 47. Kf2 {[%clk 1:00:28]} Rf1+
{[%clk 0:11:09]} 48. Kg2 {[%clk 1:00:49]} h4 {[%clk 0:10:09]} 49. e5
{[%clk 1:01:10]} h3+ {[%clk 0:07:35]} 50. Kxh3 {[%clk 1:01:31]} Rxf3+
{[%clk 0:06:59]} 51. Kh2 {[%clk 1:01:25]} Be4 {[%clk 0:06:25]} 52. Nf6
{[%clk 1:01:11]} Bd3 {[%clk 0:03:33]} 53. Nd5 {[%clk 1:01:34]} Be4
{[%clk 0:03:20]} 54. Nf6 {[%clk 1:01:59]} Rxf4 {[%clk 0:02:22]} 55. Rxc4
{[%clk 1:02:11]} Rf2+ 56. Kg3 Rg2+ 57. Kf4 Bf5 58. Ne8+ Kf8 59. Nd6 Rg4+ 60. Kf3
Rxc4 61. Nxc4 Ke7 62. Kf4 Ke6 63. Ne3 Bb1 64. Ng4 Bf5 65. Ne3 Bh3 66. Nc4 Bf1 67.
Ne3 Be2 68. Ng2 Ke7 69. Ne3 Kf8 70. Kg5 Kg7 71. Nd5 Bc4 72. Nf4 Be6 73. Nd3 Bf5
74. Nf4 1/2-1/2

[Event "PMPJ 2022 - C17"]
[Site "Jastrzebia Gora"]
[Date "2022.11.08"]
[Round "4.18"]
[White "Kuczmik, Pawel"]
[Black "Ullrich, Karol"]
[Result "0-1"]
[BlackElo "1848"]
[WhiteElo "1426"]
[LiveChessVersion "1.4.8"]

1. e4 {[%clk 1:30:57]} c6 {[%clk 1:30:52]} 2. Nf3 {[%clk 1:31:22]} d5
{[%clk 1:31:18]} 3. Nc3 {[%clk 1:31:42]} dxe4 {[%clk 1:31:42]} 4. Nxe4
{[%clk 1:32:05]} Nf6 {[%clk 1:32:07]} 5. Ng3 {[%clk 1:28:52]} e6 {[%clk 1:24:22]}
6. d4 {[%clk 1:22:27]} c5 {[%clk 1:19:15]} 7. Bg5 {[%clk 1:15:32]} Nbd7
{[%clk 1:13:21]} 8. Qd2 {[%clk 0:57:43]} Qb6 {[%clk 0:56:43]} 9. O-O-O
{[%clk 0:48:10]} Be7 {[%clk 0:55:18]} 10. Ne5 {[%clk 0:33:05]} cxd4
{[%clk 0:49:50]} 11. Bxf6 {[%clk 0:30:08]} Bxf6 {[%clk 0:48:07]} 12. Ng4
{[%clk 0:29:31]} e5 {[%clk 0:46:24]} 13. Nh5 {[%clk 0:26:28]} Qe6
{[%clk 0:40:14]} 14. Ngxf6+ {[%clk 0:26:00]} Kf8 {[%clk 0:36:19]} 15. Qb4+
{[%clk 0:25:39]} Qe7 {[%clk 0:36:17]} 16. Qxe7+ {[%clk 0:23:40]} Kxe7
{[%clk 0:36:42]} 17. Nxd7 {[%clk 0:23:57]} Bxd7 {[%clk 0:36:40]} 18. Ng3
{[%clk 0:24:10]} Rac8 {[%clk 0:36:36]} 19. Bd3 {[%clk 0:24:13]} g6
{[%clk 0:35:38]} 20. Rhe1 {[%clk 0:24:17]} Kd6 {[%clk 0:35:19]} 21. Ne4+
{[%clk 0:24:34]} Ke6 {[%clk 0:35:22]} 22. b3 {[%clk 0:23:27]} f5 {[%clk 0:35:30]}
23. Bc4+ {[%clk 0:23:28]} Rxc4 {[%clk 0:35:44]} 24. bxc4 {[%clk 0:23:15]} fxe4
{[%clk 0:35:55]} 25. Rxe4 {[%clk 0:23:24]} Bc6 {[%clk 0:34:18]} 26. Rg4
{[%clk 0:21:33]} Kf5 {[%clk 0:34:20]} 27. Rg3 {[%clk 0:20:52]} g5
{[%clk 0:31:47]} 28. Rg1 {[%clk 0:17:38]} e4 {[%clk 0:27:00]} 29. Ra3
{[%clk 0:17:22]} a6 {[%clk 0:27:16]} 30. Ra5+ {[%clk 0:17:19]} Kf4
{[%clk 0:25:00]} 31. Kd2 {[%clk 0:14:56]} Rf8 {[%clk 0:18:21]} 32. h3
{[%clk 0:12:41]} g4 {[%clk 0:16:33]} 33. g3+ {[%clk 0:10:11]} Kf3
{[%clk 0:16:56]} 34. Ke1 {[%clk 0:09:29]} gxh3 {[%clk 0:09:02]} 35. Rh5
{[%clk 0:08:46]} Bd7 {[%clk 0:07:58]} 36. Rxh7 {[%clk 0:08:07]} Bg4
{[%clk 0:06:16]} 37. Rh4 {[%clk 0:04:38]} Rf5 {[%clk 0:05:49]} 38. Kf1
{[%clk 0:02:52]} b5 {[%clk 0:03:42]} 39. Rh1 {[%clk 0:01:31]} bxc4
{[%clk 0:04:00]} 40. R1xh3 {[%clk 0:01:44]} Bxh3+ {[%clk 0:04:21]} 41. Rxh3
{[%clk 0:02:10]} Rb5 {[%clk 0:03:27]} 42. Ke1 {[%clk 0:02:35]} Rb1+
{[%clk 0:03:23]} 0-1

[Event "PMPJ 2022 - C17"]
[Site "Jastrzebia Gora"]
[Date "2022.11.08"]
[Round "4.19"]
[White "Bekier, Piotr"]
[Black "Mazus, Jakub"]
[Result "0-1"]
[BlackElo "1430"]
[WhiteElo "1548"]
[LiveChessVersion "1.4.8"]

1. d4 Nf6 2. c4 c5 3. d5 b5 4. cxb5 a6 5. e3 g6 6. Nc3 Bg7 7. e4 d6 8. f4 Nbd7 9.
Nf3 O-O 10. Bd3 Qb6 11. Qe2 e6 12. dxe6 fxe6 13. bxa6 d5 14. e5 Nh5 15. g3 c4 16.
Bb1 d4 17. Nxd4 Nxe5 18. Be3 Nd3+ 19. Bxd3 cxd3 20. Qxd3 Bxa6 21. Nde2 Qxb2 22.
Rb1 Bxd3 23. Rxb2 Bxe2 24. Kxe2 Bxc3 25. Rc2 Bg7 26. Rhc1 Nf6 27. a3 Nd5 28. Bf2
Rfe8 29. Bc5 Rec8 30. Kf3 h5 31. Rc4 Bb2 32. R1c2 Bxa3 33. Ke4 Bxc5 34. Rxc5 Rxc5
35. Rxc5 Kf7 36. Ke5 Ra2 37. Rb5 Re2+ 38. Kd6 Rxh2 39. Rb7+ Kf6 40. Rb8 Re2 41.
Rf8+ Kg7 42. Rb8 Re3 43. Ra8 Rxg3 44. Kxe6 Nxf4+ 45. Ke5 Nh3 46. Ra7+ Kh6 47. Ra4
Rg5+ 48. Ke6 Rf5 0-1